000
00301 a2200097 4500
001
ART_26484
005
20260410161933.0
008
260409a
245
1
0
_a
Preparación previa al ingreso de los funcionarios públicos
773
0
_t
Informe
_g
- Año II, Nº 18 (dic. 1970)
_w
REV23765
999
_c
28792
_d
28792